Toma de partido. Desplazamientos : Quinzena d'Art de Montesquiu, 1994 Quinzena d'Art de Montesquiu, 1994
Descripción Física:
175 p. ; 18 cm
Colección:
Llibres de la quinzena ; 6
Materias:
Art -- Congressos
MARC
| LEADER | 00000nam a2200000Ia 4500 | ||
|---|---|---|---|
| 001 | 10753 | ||
| 008 | 160829s1995 xx 000 0 cat d | ||
| 080 | |a B-1-233 | ||
| 100 | |a Quinzena d'Art de Montesquiu (1994) |9 25156 | ||
| 245 | |a Toma de partido. Desplazamientos : |b Quinzena d'Art de Montesquiu, 1994 | ||
| 260 | |a Barcelona : |b Diputació de Barcelona. Servei de Cultura, |c 1995 | ||
| 300 | |a 175 p. ; |c 18 cm | ||
| 490 | |a Llibres de la quinzena ; 6 | ||
| 650 | |a Art |x Congressos |9 21991 | ||
| 710 | 1 | |a Barcelona (Catalunya : Província). |b Servei de Cultura |9 54401 | |
| 901 | |a Arxiu | ||
| 942 | |n 1 | ||
| 952 | |0 0 |1 0 |4 0 |6 B1233 |7 1 |9 43474 |a Arxiu |b Arxiu |d 2016-12-01 |l 0 |o B-1-233 |p 10753 |r 2016-12-01 00:00:00 |w 2016-12-01 |y ARXIU | ||
| 999 | |c 46020 |d 46020 | ||